000 01359 a2200217 4500
001 48749
005 20260407155752.0
008 260407a1992 arg spa d
003 AR-UNSa-BCEJYS
040 _aAR-UNSa-BCEJYS
_bspa
_cAR-UNSa-BCEJYS
080 _a336.226
_xTipos de impuestos. Impuestos directos e indirectos
245 1 0 _aImpuesto sobre los activos y bienes personales
020 _a950-739-180-5
264 1 _aBuenos Aires :
_bErrepar
_c1992
300 _a250 p.
_c27 cm.
505 _aPrimera Parte: Impuestos sobre los activos: 1. Naturaleza y características del impuesto - 2. Objetivo. Vigencia - 3. Sujetos - 4. Exenciones - 5. Base imponible - 6. Liquidación, declaración e ingreso del gravamen - - Segunda Parte: Aspecto teórico de la imposición al patrimonio: 7. Aspectos teórico - - Tercera Parte: El impuesto sobre los bienes personales no incorporados al proceso económico en la Argentina: 8. Antecedentes de su creación en la Argentina características y efectos económicos - 9. Hechos imponibles sujetos - 10. Ubicación de los bienes. Bienes situados en el País y en el exterior. Extensiones - 11. Valuación de bienes y determinación - 12. Normas de declaración e ingreso del gravamen.
942 _cBK
590 _aniveau_biblio:m niveau_hierar:0
100 1 _aLitvak, José D.
700 1 _aGebhardt, Jorge
999 _c4692
_d4692